Missing Word: LOTR Chapters Quiz Stats

Quiz Updated Mar 5, 2016

Challenge
Share
Tweet
Embed
Score 0/16 Timer 02:00
0 Plays Today
Title Missing Word % Correct
At the Sign of the ________ PonyPrancing
76.1%
In the House of Tom ________Bombadil
73.1%
The ____ Goes SouthRing
68.3%
The Council of ______Elrond
67.8%
A _____ Cut to MushroomsShort
64.8%
_____ is CompanyThree
64.7%
The ______ of Khazad-dûmBridge
58.5%
The Mirror of _________Galadriel
55.2%
Title Missing Word % Correct
A Long-Expected _____Party
48.7%
The ________ of the FellowshipBreaking
48%
A _______ in the DarkJourney
45.2%
A ____ in the DarkKnife
38.2%
The ______ of the PastShadow
32.3%
___ on the Barrow-downsFog
21%
A Conspiracy _________Unmasked
17.8%
________ to LorienFarewell
13.6%

Today's Daily Dose

Missing Word
Brians

On This Day
January 17th

You're not logged in!

Compare scores with friends on all Sporcle quizzes.
Sign Up with Email
OR
Log In

You Might Also Like...

Show Comments

Extras

Top Quizzes Today


Score Distribution

Your Account Isn't Verified!

In order to create a playlist on Sporcle, you need to verify the email address you used during registration. Go to your Sporcle Settings to finish the process.